Think . Done A Brain computer interface (BCI) / (Record no. 183881)

000 -LEADER
fixed length control field 00731 a2200193 4500
003 - CONTROL NUMBER IDENTIFIER
control field NUST
005 - DATE AND TIME OF LATEST TRANSACTION
control field 20251121141956.0
040 ## - CATALOGING SOURCE
Transcribing agency Nust
082 ## - DEWEY DECIMAL CLASSIFICATION NUMBER
Classification number 621.382,KHA
100 ## - MAIN ENTRY--PERSONAL NAME
Personal name Khalid , Muhammad Bilal (TCC-17A)
9 (RLIN) 131979
245 ## - TITLE STATEMENT
Title Think . Done A Brain computer interface (BCI) /
Statement of responsibility, etc. Muhammad Bilal Khalid, Intisar Rizwan-i- Haque, Sarmad Munir and Farhan Tahir
260 ## - PUBLICATION, DISTRIBUTION, ETC.
Place of publication, distribution, etc. Rawalpindi
Name of publisher, distributor, etc. MCS (NUST)
Date of publication, distribution, etc. 2009
300 ## - PHYSICAL DESCRIPTION
Extent ix, 60 p.;
505 ## - FORMATTED CONTENTS NOTE
Formatted contents note Introduction (Page-1), Literature Review (Page-12), What we Have Done in each Module (Page-14), Applications (Page-62), References (Page-65).
650 ## - SUBJECT ADDED ENTRY--TOPICAL TERM
Topical term or geographic name entry element UG Projects
9 (RLIN) 98716
651 ## - SUBJECT ADDED ENTRY--GEOGRAPHIC NAME
Geographic name TCC-17A
9 (RLIN) 131971
700 ## - ADDED ENTRY--PERSONAL NAME
Personal name Supervised by Dr. Naveed Rao
9 (RLIN) 131980
942 ## - ADDED ENTRY ELEMENTS (KOHA)
Koha item type Project Report
Source of classification or shelving scheme
Holdings
Withdrawn status Lost status Source of classification or shelving scheme Damaged status Not for loan Permanent Location Current Location Shelving location Date acquired Full call number Barcode Date last seen Price effective from Koha item type Public note
          Military College of Signals (MCS) Military College of Signals (MCS) Reference 12/12/2016 621.382,KHA MCSPTC-105 12/08/2016 12/12/2016 Project Report Almirah No. 94, Shelf No. 2
© 2023 Central Library, National University of Sciences and Technology. All Rights Reserved.